Städte mit D nach Bildern - Statistiken

Allgemein
  • Dieses Quiz wurde 445 mal gespielt
  • Das Durchschnittsergebnis liegt bei 7 aus 12
Antwortstatistiken
Bildquiz Hint Antwort % Korrekt
Asien D{ubai}
85%
Europa D{resden}
81%
Nordamerika Da{llas}
78%
Europa D{ublin}
75%
Europa Do{rtmund}
72%
Europa D{üsseldorf}
66%
Europa Du{brovnik}
65%
Asien De{lhi}
61%
Nordamerika De{troit}
53%
Europa Da{nzig}
39%
Afrika Da{ressalam}
39%
Ozeanien Du{nedin}
10%
Keine übereinstimmenden Quizze gefunden
Verteilung der Resultate
Anzahl Personen mit jedem Resultat
Perzentil nach korrekt beantworteten Fragen
Ihre Resultats-Entwicklung
Sie haben dieses Quiz noch nicht gespielt